[Event "1st FIDE OWCCCC Pools-East 2021"]
[Site "Online"]
[Date "2021.02.19"]
[Round "1.31"]
[White "Veedu, Vimesh"]
[Black "Gan-Od, Sereenen"]
[Result "0-1"]
[WhiteElo "1301"]
[BlackElo "2320"]
[Annotator "NA"]
[PlyCount "72"]
[EventDate "2021.02.19"]
[EventType "team-tourn"]
[EventCountry "NET"]
[SourceTitle "playchess.com"]
[Source "ChessBase"]
[SourceQuality "1"]

1. e4 c6 2. Bc4 d5 3. exd5 cxd5 4. Bb3 Nc6 5. Qh5 Nf6 6. Qf3 Bg4 7. Qe3 e6 8. f3 Bh5 9. g4 Bg6 10. h4 h5 11. g5 Ng8 12. c4 dxc4 13. Bxc4 Nge7 14. Bb5 Nd5 15. Bxc6+ bxc6 16. Qf2 Nb4 17. Na3 Nd3+ 18. Kf1 Nxf2 19. Kxf2 Bxa3 20. bxa3 Qd4+ 21. Ke1 Qxa1 22. Kd1 Rb8 23. Ne2 O-O 24. Nc3 Rfd8 25. Ke2 Rd3 26. Rd1 Rbd8 27. Ke1 Qxc3 28. dxc3 Rxd1+ 29. Kf2 Rxc1 30. Kg3 Rxc3 31. Kf4 Rd4+ 32. Kg3 Rxa3 33. Kg2 Rf4 34. Kf1 Rfxf3+ 35. Ke2 Kf8 36. Kd2 Ke7 0-1

[Event "1st FIDE OWCCCC Pools-East 2021"]
[Site "Online"]
[Date "2021.02.19"]
[Round "1.31"]
[White "Gray, Stacy"]
[Black "Obolentseva, Alexandra"]
[Result "0-1"]
[WhiteElo "866"]
[BlackElo "2297"]
[Annotator "TA"]
[PlyCount "74"]
[EventDate "2021.02.19"]
[EventType "team-tourn"]
[EventCountry "NET"]
[SourceTitle "playchess.com"]
[Source "ChessBase"]
[SourceQuality "1"]

1. Nf3 Nf6 2. d4 g6 3. Bf4 Bg7 4. e3 O-O 5. Bc4 d6 6. c3 c6 7. Nbd2 Nh5 8. Bg3 Nxg3 9. hxg3 e5 10. Qe2 Bg4 11. O-O-O d5 12. Rh4 Bxf3 13. Qxf3 dxc4 14. Nxc4 exd4 15. Rdh1 h6 16. Rxh6 Bxh6 17. Rxh6 Qg5 18. Rh3 dxe3 19. Nxe3 Nd7 20. Qe4 Nf6 21. Qd4 Rad8 22. Qh4 Qxh4 23. gxh4 Nd5 24. Ng4 Nf4 25. Nf6+ Kg7 26. Rg3 Kxf6 27. Rg5 Nd3+ 28. Kc2 Nxf2 29. g3 Ne4 30. Rg4 Rd2+ 31. Kb3 Nc5+ 32. Kc4 b6 33. Rf4+ Ke5 34. b4 Ne6 35. Rf3 Rfd8 36. g4 Rb2 37. g5 b5# 0-1

[Event "1st FIDE OWCCCC Pools-East 2021"]
[Site "Online"]
[Date "2021.02.19"]
[Round "1.32"]
[White "Varin, Ilja"]
[Black "French, Steven"]
[Result "1-0"]
[WhiteElo "2000"]
[BlackElo "1184"]
[Annotator "TA"]
[PlyCount "129"]
[EventDate "2021.02.19"]
[EventType "team-tourn"]
[EventCountry "NET"]
[SourceTitle "playchess.com"]
[Source "ChessBase"]
[SourceQuality "1"]

1. c4 e6 2. Nf3 d5 3. g3 Nf6 4. Bg2 b6 5. O-O Bb7 6. b3 Nbd7 7. Bb2 c5 8. e3 Be7 9. Nc3 O-O 10. cxd5 Nxd5 11. d4 Nxc3 12. Bxc3 Bf6 13. Rc1 cxd4 14. Bxd4 Rc8 15. Bxf6 Nxf6 16. Rxc8 Qxc8 17. Qc1 h6 18. Nd4 Bxg2 19. Kxg2 Qb7+ 20. Qc6 Qxc6+ 21. Nxc6 a5 22. Rc1 Kh7 23. Ne5 Nd5 24. e4 Nb4 25. a3 Na6 26. Rc6 Nc5 27. Rxb6 Nxe4 28. Ra6 Nc5 29. Rxa5 Nxb3 30. Ra7 f6 31. Nc4 e5 32. a4 Rb8 33. a5 Rb5 34. a6 Nc5 35. Nd6 Ra5 36. Ne8 Rxa6 37. Rxg7+ Kh8 38. Rg6 Kh7 39. Rxf6 Rxf6 40. Nxf6+ Kg6 41. Nd5 e4 42. Ne3 Kg5 43. h4+ Kg6 44. f3 exf3+ 45. Kxf3 h5 46. Nd5 Kf5 47. Nf4 Nd7 48. Nxh5 Ne5+ 49. Kg2 Kg4 50. Nf6+ Kf5 51. Nd5 Ng4 52. Kf3 Nh2+ 53. Kg2 Ng4 54. Nf4 Ne3+ 55. Kf3 Ng4 56. Ng2 Ne5+ 57. Ke2 Ng4 58. Ne3+ Nxe3 59. Kxe3 Kg4 60. Ke4 Kh5 61. Kf5 Kh6 62. g4 Kh7 63. g5 Kg7 64. g6 Kh6 65. Kf6 1-0

[Event "1st FIDE OWCCCC Pools-East 2021"]
[Site "Online"]
[Date "2021.02.19"]
[Round "1.32"]
[White "Bat-erdene, Sugar-erdene"]
[Black "Sahi, Sheelani"]
[Result "1-0"]
[WhiteElo "1762"]
[BlackElo "1011"]
[Annotator "NA"]
[PlyCount "119"]
[EventDate "2021.02.19"]
[EventType "team-tourn"]
[EventCountry "NET"]
[SourceTitle "playchess.com"]
[Source "ChessBase"]
[SourceQuality "1"]

1. d4 d5 2. Bf4 Nf6 3. e3 Nc6 4. Nf3 Bf5 5. c3 e6 6. Bb5 Bd6 7. Bxc6+ bxc6 8. Qa4 O-O 9. Qxc6 Rb8 10. Bxd6 cxd6 11. b3 Rc8 12. Qa6 Ne4 13. O-O Nxc3 14. Nxc3 Rxc3 15. Qxa7 Rc8 16. Qa6 Re8 17. Rfc1 Ra8 18. Qe2 e5 19. dxe5 dxe5 20. Qd2 e4 21. Nd4 Bd7 22. Rc5 Re5 23. Ne2 Qb6 24. Rac1 h6 25. Rxd5 Rxd5 26. Qxd5 Rd8 27. Qxe4 Bb5 28. Nd4 Qa6 29. a4 Rc8 30. Rxc8+ Qxc8 31. h3 Bd7 32. Qc2 Qa6 33. Qc4 Qg6 34. Kh2 Qd6+ 35. g3 h5 36. Nf3 Qf6 37. Qf4 Qe6 38. Qb8+ Kh7 39. Ng5+ Kg6 40. Nxe6 fxe6 41. a5 e5 42. a6 Bc6 43. a7 Kf5 44. a8=Q Bxa8 45. Qxa8 g5 46. Qc8+ Ke4 47. Qc6+ Kd3 48. Kg2 Kd2 49. Qd5+ Kc3 50. Qxe5+ Kxb3 51. Qxg5 Kc3 52. Qxh5 Kb3 53. Qc5 Kb2 54. e4 Kb3 55. e5 Kb2 56. e6 Kb3 57. e7 Kb2 58. e8=Q Kb3 59. Qb8+ Ka2 60. Qca7# 1-0

[Event "1st FIDE OWCCCC Pools-East 2021"]
[Site "Online"]
[Date "2021.02.19"]
[Round "1.33"]
[White "Kazakouski, Valery"]
[Black "Dzieszko, Lukasz"]
[Result "1-0"]
[WhiteElo "2476"]
[BlackElo "1454"]
[Annotator "RC"]
[PlyCount "87"]
[EventDate "2021.02.19"]
[EventType "team-tourn"]
[EventCountry "NET"]
[SourceTitle "playchess.com"]
[Source "ChessBase"]
[SourceQuality "1"]

1. d4 Nf6 2. Nf3 g6 3. c4 Bg7 4. g3 O-O 5. Bg2 d5 6. cxd5 Nxd5 7. O-O Bg4 8. h3 Bf5 9. Nc3 c6 10. Qb3 Bc8 11. Rd1 Re8 12. e4 Nb6 13. Ng5 e6 14. e5 Nd5 15. Nge4 b5 16. Bg5 Qb6 17. Nxd5 exd5 18. Nd6 Rf8 19. Be7 Be6 20. Bxf8 Bxf8 21. Rac1 a5 22. Qc2 Ra6 23. a4 b4 24. Bf1 Ra8 25. h4 Qd8 26. Nb7 Qc8 27. Nc5 Bf5 28. Bd3 Bg4 29. Re1 Bf3 30. Be2 Bxe2 31. Qxe2 Ra7 32. e6 f6 33. h5 Kg7 34. hxg6 hxg6 35. Qg4 Bd6 36. Kg2 Re7 37. Qh3 Qh8 38. Qxh8+ Kxh8 39. Nd7 Nxd7 40. exd7 Rxd7 41. Rxc6 Kg7 42. Ra6 Bc7 43. Ra7 Kf7 44. Rc1 1-0

[Event "1st FIDE OWCCCC Pools-East 2021"]
[Site "Online"]
[Date "2021.02.19"]
[Round "1.33"]
[White "Broly, Mathilde"]
[Black "Paramjyothi, Padmanabha Reddy"]
[Result "1-0"]
[WhiteElo "2150"]
[BlackElo "1257"]
[Annotator "ChessBase"]
[PlyCount "87"]
[EventDate "2021.02.19"]
[EventType "team-tourn"]
[EventCountry "NET"]
[SourceTitle "playchess.com"]
[Source "ChessBase"]
[SourceQuality "1"]

1. c4 e6 2. g3 Nc6 3. Bg2 Nf6 4. Nf3 d5 5. O-O d4 6. a3 e5 7. b4 a6 8. d3 Bd6 9. Nbd2 O-O 10. c5 Be7 11. Nc4 Be6 12. Ncxe5 Nxe5 13. Nxe5 c6 14. Bb2 Nd7 15. Nf3 Bg4 16. Bxd4 f6 17. Bb2 b6 18. cxb6 Nxb6 19. h3 Bxf3 20. Bxf3 Rc8 21. Rc1 c5 22. h4 cxb4 23. axb4 Bxb4 24. Qb3+ Kh8 25. Qxb4 Rb8 26. Qd4 Nd7 27. h5 a5 28. Ra1 Rb4 29. Qc3 Ne5 30. Bg2 Qc8 31. Rxa5 Qb8 32. Bc1 Ng4 33. Ra8 Qd6 34. Rxf8+ Qxf8 35. Ba3 g6 36. Qxb4 Qxb4 37. Bxb4 gxh5 38. Rc1 Kg7 39. Rc7+ Kg6 40. Be4+ Kg5 41. Bd2+ Ne3 42. Bxe3+ Kg4 43. Rg7+ Kh3 44. Bf5# 1-0

[Event "1st FIDE OWCCCC Pools-East 2021"]
[Site "Online"]
[Date "2021.02.19"]
[Round "1.33"]
[White "Kashin, Maxim"]
[Black "Nguyen, Piotr"]
[Result "0-1"]
[WhiteElo "1624"]
[BlackElo "2411"]
[Annotator "NA"]
[PlyCount "86"]
[EventDate "2021.02.19"]
[EventType "team-tourn"]
[EventCountry "NET"]
[SourceTitle "playchess.com"]
[Source "ChessBase"]
[SourceQuality "1"]

1. e4 c5 2. Nf3 g6 3. d4 cxd4 4. Nxd4 Nc6 5. Nc3 Bg7 6. Nb3 Nf6 7. Bg5 O-O 8. Qd2 a5 9. Bh6 a4 10. Bxg7 Kxg7 11. Nd4 d6 12. f4 Qb6 13. Nxc6 bxc6 14. Rb1 Rd8 15. h3 d5 16. e5 Ne4 17. Nxe4 dxe4 18. Qc3 Be6 19. a3 Rab8 20. g4 Ba2 21. Rd1 Rxd1+ 22. Kxd1 Qxb2 23. Qxb2 Rxb2 24. Kd2 Bb3 25. Kc3 Rxc2+ 26. Kd4 Rf2 27. Kxe4 Bd5+ 28. Ke3 Rf3+ 29. Ke2 Rxf4 30. Rh2 Re4+ 31. Kd3 Rxe5 32. Re2 Rxe2 33. Kxe2 Kf6 34. Ke3 Ke5 35. h4 f5 36. gxf5 gxf5 37. h5 f4+ 38. Kf2 h6 39. Be2 Kd4 40. Bf3 e5 41. Be2 e4 42. Bd1 e3+ 43. Ke1 f3 0-1

[Event "1st FIDE OWCCCC Pools-East 2021"]
[Site "Online"]
[Date "2021.02.19"]
[Round "1.34"]
[White "Kubicka, Anna"]
[Black "Laczo, Tibor"]
[Result "1-0"]
[WhiteElo "2235"]
[BlackElo "1550"]
[Annotator "NA"]
[PlyCount "61"]
[EventDate "2021.02.19"]
[EventType "team-tourn"]
[EventCountry "NET"]
[SourceTitle "playchess.com"]
[Source "ChessBase"]
[SourceQuality "1"]

1. e4 c6 2. d4 d5 3. e5 Bf5 4. Nf3 e6 5. Be2 c5 6. Be3 c4 7. O-O Ne7 8. b3 cxb3 9. axb3 h6 10. c4 Bxb1 11. Qxb1 Nf5 12. c5 Nxe3 13. fxe3 Nc6 14. b4 a6 15. b5 axb5 16. Qxb5 Qc8 17. Rxa8 Qxa8 18. Rb1 g5 19. Qxb7 Qxb7 20. Rxb7 Bg7 21. Bb5 O-O 22. Bxc6 g4 23. Nd2 f6 24. exf6 Bxf6 25. Bd7 e5 26. c6 exd4 27. c7 dxe3 28. c8=Q Rxc8 29. Bxc8 e2 30. Kf2 g3+ 31. hxg3 1-0

[Event "1st FIDE OWCCCC Pools-East 2021"]
[Site "Online"]
[Date "2021.02.19"]
[Round "1.34"]
[White "buyanbat"]
[Black "Abboud, Eddy"]
[Result "1-0"]
[WhiteElo "1900"]
[BlackElo "1586"]
[Annotator "TA"]
[PlyCount "39"]
[EventDate "2021.02.19"]
[EventType "team-tourn"]
[EventCountry "NET"]
[SourceTitle "playchess.com"]
[Source "ChessBase"]
[SourceQuality "1"]

1. e4 e6 2. Nf3 c5 3. c3 Nc6 4. d4 cxd4 5. cxd4 Bb4+ 6. Nc3 a6 7. Bd2 Nge7 8. Bd3 b5 9. O-O O-O 10. a3 Ba5 11. e5 Bb7 12. Bxh7+ Kh8 13. Bc2 f6 14. exf6 Rxf6 15. Ng5 Qe8 16. Nce4 Rh6 17. Nd6 Qh5 18. Ngf7+ Kg8 19. Nxh6+ gxh6 20. Qxh5 1-0

[Event "1st FIDE OWCCCC Pools-East 2021"]
[Site "Online"]
[Date "2021.02.19"]
[Round "1.34"]
[White "Corblin, Regis"]
[Black "Kavaleuski, Stanislau"]
[Result "0-1"]
[WhiteElo "1447"]
[BlackElo "2301"]
[Annotator "NA"]
[PlyCount "72"]
[EventDate "2021.02.19"]
[EventType "team-tourn"]
[EventCountry "NET"]
[SourceTitle "playchess.com"]
[Source "ChessBase"]
[SourceQuality "1"]

1. e4 e6 2. d4 d5 3. exd5 exd5 4. Nc3 Nf6 5. h3 c6 6. Nf3 Bf5 7. Bd3 Bg6 8. Be3 Nbd7 9. a3 Bd6 10. Qe2 Qe7 11. Bxg6 hxg6 12. Bg5 Qxe2+ 13. Nxe2 Ne4 14. Be3 O-O-O 15. O-O-O f6 16. Nd2 Rde8 17. Nxe4 Rxe4 18. Rd3 Rhe8 19. Nc3 R4e7 20. Kd2 Nb6 21. Re1 Nc4+ 22. Kc1 f5 23. g3 g5 24. Nb1 f4 25. b3 Nxa3 26. Nxa3 Bxa3+ 27. Kb1 fxe3 28. fxe3 Rf7 29. Ka2 Bd6 30. g4 Rf2 31. e4 Rxe4 32. Rxe4 dxe4 33. Re3 Rf4 34. c4 Bb4 35. c5 Bd2 36. Re2 e3 0-1

[Event "1st FIDE OWCCCC Pools-East 2021"]
[Site "Online"]
[Date "2021.02.19"]
[Round "1.34"]
[White "Kothandaraman, Rajesh Kumar"]
[Black "Mauuary, Etienne"]
[Result "0-1"]
[WhiteElo "1338"]
[BlackElo "2043"]
[Annotator "TA"]
[PlyCount "120"]
[EventDate "2021.02.19"]
[EventType "team-tourn"]
[EventCountry "NET"]
[SourceTitle "playchess.com"]
[Source "ChessBase"]
[SourceQuality "1"]

1. e4 c5 2. Nc3 e6 3. Nf3 a6 4. g3 b5 5. d4 Bb7 6. Bg2 Nf6 7. Bf4 b4 8. Na4 Nxe4 9. O-O d5 10. Ne5 cxd4 11. Qxd4 Nf6 12. Bg5 Be7 13. Nc5 Bxc5 14. Qxc5 Qe7 15. Qd4 O-O 16. c3 bxc3 17. Qxc3 Rc8 18. Qf3 a5 19. a4 h6 20. Bxf6 Qxf6 21. Ng4 Qxf3 22. Bxf3 Nd7 23. b3 Ba6 24. Rfe1 Rab8 25. Rab1 Rc3 26. Bd1 Bd3 27. Rb2 Nc5 28. Ne3 Nxb3 29. Ng4 Rb4 30. Ne5 Bc4 31. Nxc4 dxc4 32. Re4 Rc1 33. Re1 c3 34. Rc2 Rxc2 35. Bxc2 Nd4 36. Rc1 Rb2 37. Be4 Ne2+ 38. Kg2 Nxc1 39. Kf1 Nb3 40. Ke1 Nd2 41. Bd3 Nf3+ 42. Kd1 Rd2+ 43. Kc1 Rxd3 44. Kc2 Rd2+ 45. Kxc3 Rxf2 46. Kc4 Rxh2 47. Kb5 Ra2 48. Kxa5 Nd4 49. Kb4 Ne2 50. a5 Nxg3 51. Kb5 h5 52. a6 h4 53. Kb6 Rxa6+ 54. Kxa6 h3 55. Kb5 h2 56. Kc4 h1=Q 57. Kd4 Qd5+ 58. Kc3 Ne4+ 59. Kb4 Qc5+ 60. Kb3 Qc3+ 0-1

[Event "1st FIDE OWCCCC Pools-East 2021"]
[Site "Online"]
[Date "2021.02.19"]
[Round "1.35"]
[White "Minald, Andrey"]
[Black "An, Paolo Stephen"]
[Result "1-0"]
[WhiteElo "2091"]
[BlackElo "1220"]
[Annotator "NA"]
[PlyCount "97"]
[EventDate "2021.02.19"]
[EventType "team-tourn"]
[EventCountry "NET"]
[SourceTitle "playchess.com"]
[Source "ChessBase"]
[SourceQuality "1"]

1. d4 Nf6 2. c4 g6 3. Nc3 d6 4. Nf3 Bg7 5. g3 O-O 6. Bg2 a6 7. O-O b5 8. cxb5 Bd7 9. Nd2 axb5 10. Bxa8 b4 11. Nce4 Nc6 12. Bxc6 Bxc6 13. Nxf6+ Bxf6 14. Nf3 Qd7 15. Kg2 Qe6 16. Be3 Qg4 17. h3 Qd7 18. d5 Ba4 19. Qd2 c5 20. dxc6 Qxc6 21. Qxb4 Bb5 22. Rfc1 Qd5 23. Rd1 Qc6 24. Rac1 Qb7 25. a4 Ba6 26. Qxb7 Bxb7 27. b4 Ra8 28. a5 Ba6 29. Rd2 Rb8 30. Bd4 Bxd4 31. Rxd4 Bxe2 32. Re1 Bb5 33. Rxe7 Rd8 34. Rb7 Bc6 35. Rb6 Ba8 36. Rbxd6 Rc8 37. Rd8+ Rxd8 38. Rxd8+ Kg7 39. Rxa8 h5 40. a6 g5 41. Nxg5 f6 42. Ne4 Kg6 43. Rb8 f5 44. a7 fxe4 45. Rb5 Kf6 46. a8=Q Ke6 47. Qa6+ Kd7 48. Rb7+ Kc8 49. Qa8# 1-0

[Event "1st FIDE OWCCCC Pools-East 2021"]
[Site "Online"]
[Date "2021.02.19"]
[Round "1.35"]
[White "Klimt Alaman, F.xavier"]
[Black "aaarek"]
[Result "0-1"]
[WhiteElo "1741"]
[BlackElo "1225"]
[Annotator "NA"]
[PlyCount "60"]
[EventDate "2021.02.19"]
[EventType "team-tourn"]
[EventCountry "NET"]
[SourceTitle "playchess.com"]
[Source "ChessBase"]
[SourceQuality "1"]

1. d4 d5 2. Bf4 Nf6 3. e3 c5 4. Nf3 Nc6 5. c3 Bg4 6. Be2 e6 7. h3 Bh5 8. g4 Bg6 9. Ne5 Nxe5 10. Bxe5 Nd7 11. Bf4 Be7 12. Nd2 O-O 13. h4 Bxh4 14. Bd6 Be7 15. Bxe7 Qxe7 16. Qb3 Rab8 17. O-O-O b5 18. Bxb5 a6 19. a4 axb5 20. axb5 c4 21. Nxc4 dxc4 22. Qxc4 Rfc8 23. Qf1 Nb6 24. b3 Qa3+ 25. Kd2 Qb2+ 26. Ke1 Qxc3+ 27. Rd2 Qxb3 28. Rd3 Bxd3 29. Qh3 Rc1+ 30. Kd2 Qc2# 0-1

[Event "1st FIDE OWCCCC Pools-East 2021"]
[Site "Online"]
[Date "2021.02.19"]
[Round "1.36"]
[White "Sartenaer, Laura"]
[Black "Rouda, Hanna"]
[Result "0-1"]
[WhiteElo "1177"]
[BlackElo "1423"]
[Annotator "NA"]
[PlyCount "84"]
[EventDate "2021.02.19"]
[EventType "team-tourn"]
[EventCountry "NET"]
[SourceTitle "playchess.com"]
[Source "ChessBase"]
[SourceQuality "1"]

1. e4 c5 2. d4 cxd4 3. c3 dxc3 4. Nxc3 Nc6 5. Nf3 d6 6. Bc4 Nf6 7. O-O e6 8. Bg5 Be7 9. Re1 O-O 10. Bb5 a6 11. Ba4 b5 12. Bb3 Bb7 13. Qd3 h6 14. Bh4 Ng4 15. Bxe7 Qxe7 16. h3 Nge5 17. a3 Nxd3 18. Reb1 Rac8 19. a4 bxa4 20. Nxa4 Nce5 21. Nxe5 Nxe5 22. Nb6 Rc6 23. Na4 Rc7 24. Nc3 Rd8 25. Ne2 Bxe4 26. Re1 Ra7 27. Nf4 Qb7 28. f3 Qxb3 29. fxe4 Qxb2 30. Rab1 Qd4+ 31. Kh1 Nd3 32. Nxd3 Qxd3 33. Rbd1 Qb5 34. e5 d5 35. g4 d4 36. Re4 Qc6 37. Rde1 d3 38. Kg1 d2 39. Rd1 Qxe4 40. Kf1 Rc7 41. h4 Rc1 42. Rxc1 dxc1=Q+ 0-1

[Event "1st FIDE OWCCCC Pools-East 2021"]
[Site "Online"]
[Date "2021.02.19"]
[Round "1.36"]
[White "Anmoldhandhania"]
[Black "Merz, Raphael"]
[Result "0-1"]
[WhiteElo "1167"]
[BlackElo "1563"]
[Annotator "NA"]
[PlyCount "88"]
[EventDate "2021.02.19"]
[EventType "team-tourn"]
[EventCountry "NET"]
[SourceTitle "playchess.com"]
[Source "ChessBase"]
[SourceQuality "1"]

1. e4 e5 2. Nc3 Nc6 3. Nf3 Nf6 4. Bc4 Bc5 5. O-O O-O 6. d3 h6 7. h3 d6 8. Be3 Bb6 9. Nd5 Nxd5 10. exd5 Ne7 11. Bb5 Nxd5 12. Bxb6 Nxb6 13. d4 a6 14. Bd3 exd4 15. Nxd4 Qf6 16. Nf3 Qxb2 17. Re1 Be6 18. Qb1 Qxb1 19. Rexb1 Rab8 20. Re1 Rfe8 21. Nd4 Bc4 22. Bxc4 Nxc4 23. Rxe8+ Rxe8 24. Nf3 Re2 25. Nd4 Rd2 26. Nf5 Rxc2 27. Ne7+ Kf8 28. Re1 Ne5 29. Nc8 b5 30. Na7 b4 31. g3 Nf3+ 32. Kg2 Nxe1+ 33. Kh2 Rxf2+ 34. Kg1 Rc2 35. Kf1 Nd3 36. Nc6 Rxc6 37. Ke2 Ne5 38. Ke3 Rc2 39. Kf4 Rxa2 40. Kf5 g6+ 41. Ke4 b3 42. Kd5 b2 43. Ke4 b1=Q+ 44. Kd5 Rd2# 0-1

[Event "1st FIDE OWCCCC Pools-East 2021"]
[Site "Online"]
[Date "2021.02.19"]
[Round "1.37"]
[White "Harikrishnan.A.Ra"]
[Black "deep_"]
[Result "1-0"]
[WhiteElo "2429"]
[BlackElo "1692"]
[Annotator "NA"]
[PlyCount "95"]
[EventDate "2021.02.19"]
[EventType "team-tourn"]
[EventCountry "NET"]
[SourceTitle "playchess.com"]
[Source "ChessBase"]
[SourceQuality "1"]

1. e4 c5 2. Nf3 d6 3. Bb5+ Bd7 4. Bxd7+ Qxd7 5. O-O Nf6 6. Re1 e6 7. c3 Be7 8. d4 cxd4 9. cxd4 O-O 10. Nc3 a6 11. Bg5 Nc6 12. d5 Ne5 13. dxe6 fxe6 14. Nxe5 dxe5 15. Qxd7 Nxd7 16. Bxe7 Rf7 17. Bg5 h6 18. Be3 Nf6 19. f3 b5 20. Rad1 Rd7 21. Rxd7 Nxd7 22. Rd1 Nf6 23. Rd6 Kf7 24. Rb6 Nd7 25. Rb7 Ke7 26. a4 Kd6 27. axb5 a5 28. b6 Kc6 29. Rc7+ Kd6 30. Nb5+ Ke7 31. b7 Rb8 32. Ba7 Rd8 33. b8=Q Rxb8 34. Bxb8 Kd8 35. Ba7 a4 36. Bc5 Ke8 37. Ba3 g5 38. Nd6+ Kd8 39. Rc8+ Ke7 40. Rh8 Nf6 41. Rxh6 g4 42. fxg4 Nxg4 43. Rh7+ Kf6 44. Ne8+ Kg5 45. Rg7+ Kh4 46. Be7+ Kh5 47. Rg5+ Kh6 48. Rxg4 1-0

[Event "1st FIDE OWCCCC Pools-East 2021"]
[Site "Online"]
[Date "2021.02.19"]
[Round "1.37"]
[White "Sudhanshu Khandelwal"]
[Black "Kosteniuk, Oksana"]
[Result "0-1"]
[WhiteElo "1343"]
[BlackElo "2096"]
[Annotator "TA"]
[PlyCount "102"]
[EventDate "2021.02.19"]
[EventType "team-tourn"]
[EventCountry "NET"]
[SourceTitle "playchess.com"]
[Source "ChessBase"]
[SourceQuality "1"]

1. d4 d5 2. c4 c6 3. Nf3 Nf6 4. g3 g6 5. Bg2 Bg7 6. O-O dxc4 7. Ne5 O-O 8. Nxc4 Be6 9. Ne5 Bd5 10. Nc3 Bxg2 11. Kxg2 Nd5 12. e4 Nb6 13. Bf4 N8d7 14. Nf3 Re8 15. Re1 Nf8 16. Qd3 Ne6 17. Be3 Qd7 18. Rad1 Rad8 19. b3 Qc8 20. Qd2 Nc7 21. a4 e5 22. Qc2 exd4 23. Bxd4 Bxd4 24. Rxd4 Ne6 25. Rd2 Rxd2 26. Qxd2 Rd8 27. Qh6 Rd3 28. Ne2 Rxb3 29. Nf4 Nxf4+ 30. Qxf4 Nc4 31. e5 b5 32. axb5 cxb5 33. Rc1 Qd8 34. Ng5 Qe7 35. Rd1 h6 36. Nf3 Kg7 37. Qd4 Qe6 38. Nd2 Nxd2 39. Rxd2 a5 40. Qd6 Rb4 41. Rd5 Rb2 42. Qc5 a4 43. Rd6 Qc4 44. Qa7 Qe4+ 45. Kh3 Qxe5 46. Rd7 Qe6+ 47. Kg2 Qf6 48. Qd4 Qxd4 49. Rxd4 a3 50. Rd1 a2 51. h4 Rb1 0-1

[Event "1st FIDE OWCCCC Pools-East 2021"]
[Site "Online"]
[Date "2021.02.19"]
[Round "1.37"]
[White "Kotak, Chandni"]
[Black "Yurikov, Pavel"]
[Result "0-1"]
[WhiteElo "1047"]
[BlackElo "1781"]
[Annotator "NA"]
[PlyCount "36"]
[EventDate "2021.02.19"]
[EventType "team-tourn"]
[EventCountry "NET"]
[SourceTitle "playchess.com"]
[Source "ChessBase"]
[SourceQuality "1"]

1. e3 g6 2. f4 Bg7 3. c3 d5 4. b4 Nd7 5. Qa4 c6 6. Na3 b5 7. Qb3 Ngf6 8. Nf3 Nb6 9. d4 Nc4 10. e4 Nxe4 11. Ne5 Bxe5 12. dxe5 O-O 13. Bxc4 bxc4 14. Qc2 Bf5 15. Qe2 Nxc3 16. Qd2 Ne4 17. Qd1 Qb6 18. Nc2 Qf2# 0-1

[Event "1st FIDE OWCCCC Pools-East 2021"]
[Site "Online"]
[Date "2021.02.19"]
[Round "1.38"]
[White "Bottino, Alexiei"]
[Black "Chaturvedi, Muktansh"]
[Result "1-0"]
[WhiteElo "2008"]
[BlackElo "1475"]
[Annotator "TA"]
[PlyCount "67"]
[EventDate "2021.02.19"]
[EventType "team-tourn"]
[EventCountry "NET"]
[SourceTitle "playchess.com"]
[Source "ChessBase"]
[SourceQuality "1"]

1. e4 c5 2. Nc3 d6 3. d4 cxd4 4. Qxd4 Nc6 5. Qd2 Nf6 6. b3 Bd7 7. Bb2 e6 8. O-O-O Be7 9. Kb1 O-O 10. f3 a5 11. Bb5 e5 12. a4 Nd4 13. Qd3 Nxb5 14. Nxb5 Bxb5 15. Qxb5 Nd7 16. Ne2 Nc5 17. Nc3 Bg5 18. Nd5 f5 19. Nb6 Ra6 20. Nc4 fxe4 21. Nxe5 Qe7 22. Nc4 e3 23. Rhe1 Kh8 24. Nxa5 e2 25. Rxe2 Qc7 26. Nc4 Rc6 27. Qb4 h5 28. a5 Rf4 29. Rd4 Rxd4 30. Bxd4 Na6 31. Qb5 Qf7 32. Qxg5 Nb4 33. Qd2 Nd5 34. Bb2 1-0

[Event "1st FIDE OWCCCC Pools-East 2021"]
[Site "Online"]
[Date "2021.02.19"]
[Round "1.38"]
[White "gsabu"]
[Black "Ravichandran, Siddharth"]
[Result "0-1"]
[WhiteElo "1775"]
[BlackElo "2352"]
[Annotator "NA"]
[PlyCount "78"]
[EventDate "2021.02.19"]
[EventType "team-tourn"]
[EventCountry "NET"]
[SourceTitle "playchess.com"]
[Source "ChessBase"]
[SourceQuality "1"]

1. e4 c5 2. Nf3 d6 3. d4 cxd4 4. Nxd4 Nf6 5. Nc3 a6 6. Bd3 e5 7. Nf3 Qc7 8. h3 Be7 9. Be3 b5 10. Nd5 Nxd5 11. exd5 Bb7 12. Be4 Nd7 13. c3 Nf6 14. Bc2 Nxd5 15. Bb3 Nxe3 16. fxe3 Qc5 17. Qe2 O-O 18. O-O Bf6 19. Kh1 d5 20. Bc2 g6 21. Nh2 Bg7 22. Rae1 f5 23. Qf2 Rae8 24. Qh4 e4 25. Qg3 Be5 26. Qf2 Qd6 27. Qg1 Bg3 28. Rd1 Kg7 29. Rd4 f4 30. exf4 e3 31. Nf3 e2 32. Rc1 Bxf4 33. Re1 Be3 34. Qh2 Qxh2+ 35. Kxh2 Bf2 36. Rd2 Bxe1 37. Nxe1 Rf1 38. Nd3 e1=Q 39. Nxe1 Rfxe1 0-1

[Event "1st FIDE OWCCCC Pools-East 2021"]
[Site "Online"]
[Date "2021.02.19"]
[Round "1.38"]
[White "Serin, Aleksandr"]
[Black "Agarwal, Kunal"]
[Result "1-0"]
[WhiteElo "1422"]
[BlackElo "1291"]
[Annotator "NA"]
[PlyCount "85"]
[EventDate "2021.02.19"]
[EventType "team-tourn"]
[EventCountry "NET"]
[SourceTitle "playchess.com"]
[Source "ChessBase"]
[SourceQuality "1"]

1. d4 d5 2. Nf3 Nf6 3. c4 dxc4 4. e3 Nc6 5. Bxc4 Bg4 6. O-O e6 7. Nc3 Bb4 8. a3 Ba5 9. b4 Bb6 10. Bb2 a6 11. h3 Bh5 12. Be2 Bg6 13. Qd2 h6 14. Rfd1 O-O 15. Bd3 Nd5 16. Nxd5 Qxd5 17. Rac1 Bh5 18. Ne5 Bxd1 19. Rxd1 f6 20. Nc4 Ba7 21. Rc1 Rad8 22. Be2 b5 23. Bf3 Qf5 24. Na5 Nxa5 25. bxa5 e5 26. Qb4 exd4 27. exd4 Qd3 28. Rd1 Qc4 29. Qd2 c5 30. d5 Qa4 31. d6 b4 32. axb4 cxb4 33. Qd5+ Kh8 34. Be4 Qd7 35. Qh5 Qe6 36. Bf5 Qf7 37. Bg6 Qe6 38. Bc1 Bxf2+ 39. Kxf2 Qa2+ 40. Kg1 Qg8 41. Bxh6 gxh6 42. Qxh6+ Qh7 43. Qxh7# 1-0

[Event "1st FIDE OWCCCC Pools-East 2021"]
[Site "Online"]
[Date "2021.02.19"]
[Round "1.39"]
[White "Bautista Ballester, Jordi"]
[Black "Dudko, Dmitry"]
[Result "1-0"]
[WhiteElo "1887"]
[BlackElo "1391"]
[Annotator "NA"]
[PlyCount "53"]
[EventDate "2021.02.19"]
[EventType "team-tourn"]
[EventCountry "NET"]
[SourceTitle "playchess.com"]
[Source "ChessBase"]
[SourceQuality "1"]

1. e4 g6 2. Nf3 Bg7 3. d4 Nf6 4. Bd3 d6 5. O-O O-O 6. Nc3 Nc6 7. Be3 Bg4 8. h3 Bxf3 9. Qxf3 Nd7 10. Bg5 h6 11. Be3 Nce5 12. dxe5 Nxe5 13. Qe2 Nxd3 14. cxd3 c6 15. f4 d5 16. d4 dxe4 17. Nxe4 Bxd4 18. Bxd4 Qxd4+ 19. Kh1 f5 20. Nc3 Rfe8 21. Rad1 Qc5 22. Qe6+ Kg7 23. Rd3 Rad8 24. Rg3 g5 25. fxg5 Rd6 26. gxh6+ Kh7 27. Qf7+ 1-0